000 00635nam a2200205Ia 4500
005 20250508162005.0
008 008 250505s9999 xx 000 0 eng d
020 _a0-03-049116-0
037 _aTextual
040 _aFEDL
_beng
_cFEDL
041 _aeng
_2eng
084 _a371.26, WOL
_qFEDL
100 _aWolf Richard
245 0 _aEvaluation in education : Foundations of competency assessment and progra review
260 _aNew York, USA
_bPraeger Publishers
_c1979
300 _axii,217p.
650 _aEducational - Test and Measurement
_9758070
942 _cTEXL
_h371.26, WOL
999 _c1373696
_d1373696